000 01008nam a2200277Ia 4500
003 OSt
005 20221005110012.0
006 a|||||r|||| 00| 0
007 ta
008 221004b |||||||| |||| 00| 0 hin d
020 _c125
024 _a92136
037 _b543, 19/03/2009, Vani Prakashan
_cTextual
040 _aCRL
_cCRL
_bhin
041 _2hin
_ahin
082 _aO152,3M83:g, N3
100 _aकपूर, मस्तराम
245 0 _aचंद्रधर शर्मा गुलेरी
246 _aChandradhar sharmā gulerī
260 _aनई दिल्ली
_bसाहित्य अकादेमी भारत
_c1993
300 _a100पृ0
_ccm.
490 _aभारतीय साहित्य के निर्माता
650 _aहिन्दी साहित्य
942 _hO152,3M83:g, N3
_cTEXL
_2cc
999 _c1017489
_d1017489